000 00939nas a2200301 4500
001 BR0100898
003 BR-BrBNA
005 20231205102057.0
007 ta
008 230509b bl.|||p| |||| 00| 00por d
040 _aBR-BrBNA
_bpor
_cBiblioteca Nacional de Agricultura
041 _a(Pt)
072 _aQ70
100 1 _aCorrea, R.S.
100 1 _aMelo Filho, B. de
100 1 _aBernardes, R.
245 1 _aDeposicao de esgoto domestico para controle de poluicao e revegetacao induzida em area degradada
650 _aRede de Esgoto
650 _aBacia Hidrografica
650 _aDeterioracao do Solo
650 _aRevegetacao
650 _aLatossolo
650 _aFosforo
650 _aDistrito Federal
773 0 _tRevista Brasileira de Engenharia Agricola e Ambiental (Brazil)
_xISSN 1415-4366
_g(May-Aug 2000), v. 4(2) p. 252-256
_wBR0100898
909 _a202311
_bLúcia
_c55
_dLúcia Elande
942 _2AGRIS
_n0
_cANA
999 _c165615
_d165615